000
00228nam a2200097Ia 4500
008
170619s9999 xx 000 0 und d
100
_a
Nair- Somanathan
245
0
_a
Linear Integrated Circuits
260
_b
Wiley-India
260
_c
2009
546
_a
ENGLISH
999
_c
20452
_d
20452